00425nam a22001217a 4500040000900000100003500009245008400044260002800128300001000156942001200166999001900178952010600197 cSCME aEtienne Paul, Yu Liu9113238 aBiological sludge minimization and biomaterials/bioenergy recovery technologies aNew JersybWilleyc2012 a496p. 2ddccBK c594990d594990 00102ddc4070aSCMEbSCMEcCARTd2023-06-23l0o628.3 L7831BpSCME-4856r2023-06-23w2023-06-23yBK